MDQL
is popping MORE tags! Check the
thread
!
Quizzes
Events
Quiz Creation
Community
Videos
Private Events
Remove Ads
Sign In
Join for FREE
Feedback
Dark Mode
Quiz Categories
Sports
Geography
Music
Movies
Television
Just For Fun
Miscellaneous
History
Literature
Language
Science
Gaming
Entertainment
Religion
Holiday
For Kids
Quiz Lab
Recent
Popular Today
Quiz Kudos Today
Editor Picks
Curator Picks
Quizzes by...
Day
Popularity
Type
Ratings
Length
Year
Community
Subscriptions
Recent Discussions
Orange Saloon
Badges
Playlists
Quests
Create
Leaderboards
Showdown
Live 5
Trivia Bingo
Activity
Puzzle Library
Sporcle Events
Private Events
Virtual Trivia
Globe League
Become a Host
Pub Owners
SporcleCon
Opinionation
Our Games
Videos
Blog
Mobile Apps
Partnerships
Remove Ads and Go Orange
Feedback
Sports
Athletes
MLB
NBA
NHL
NFL
Soccer
Sports Teams
WWE
NCAA
Football
Premier League
Basketball
Baseball
Hockey
Golf
Tennis
Cricket
Rugby
Auto Racing
Olympics
World Cup
Sports
Athletes
MLB
NBA
NHL
NFL
Soccer
Sports Teams
WWE
NCAA
Football
Premier League
Basketball
Baseball
Hockey
Golf
Tennis
Cricket
Rugby
Auto Racing
Olympics
World Cup
Random Quiz
Search Sporcle
×
Quiz Lab
Quiz Lab
Sports
Clip
Type in answers that appear in a list
Type in answers that appear in a list
Classic
Best Score? Go Orange.
English Football Clubs Songs (audio clips) Stats
Can you name the Football teams who play in England that these songs are associated with?
By
AlbionEdd
12m
22 Questions
558 Plays
558 Plays
558 Plays
Comments
Comments
Give Quiz Kudos
Give Quiz Kudos
-
- Ratings
hide this ad
Forced Order
Answers have to be entered in order
Answers have to be entered in order
Replay
Link that replays current quiz
Next Quiz
Link to next quiz in quiz playlist
You Got
0%
They Got
Avg Score
46%
Avg Friend Score
Upgrade to see
Score Distribution
Jump to the score distribution portion of the page
Score
0/22
Timer
12:00
0
Plays Today
Time
Team Name
% Correct
5:15-
Liverpool
82.6%
4:00-
4:15
Chelsea
80.1%
4:45-
5:00
West Ham United
78.9%
3:00-
3:15
Southampton
78.5%
5:00-
5:15
Manchester City
77.1%
2:30-
2:45
Manchester United
75.8%
1:15-
1:30
Everton
64.7%
0:15-
0:30
Stoke City
59.1%
0:30-
0:45
Leeds United
57.5%
1:00-
1:15
Newcastle United
56.6%
3:45-
4:00
Millwall
45.5%
Time
Team Name
% Correct
1:30-
1:45
Bristol City
41.4%
2:15-
2:30
Tottenham Hotspur
40.9%
0:45-
1:00
Crystal Palace
37.6%
4:30-
4:45
Cardiff City
34.2%
2:00-
2:15
Nottingham Forest
21.5%
0:00-
0:15
Bristol Rovers
20.6%
3:15-
3:30
Birmingham City
20.4%
2:45-
3:00
Derby County
20.1%
4:15-
4:30
Nowich City
17%
1:45-
2:00
Charlton Athletic
12.9%
3:30-
3:45
Brighton and Hove Albion
10.2%
Quiz Playlist
Details
Report
Send in Message
Add To Playlist
Classic:
Type in answers that appear in a list
Forced Order:
Answers have to be entered in order
Quiz Source
Last Updated: Feb 16, 2017
Quiz Scoreboard
CHALLENGE
Sign Up to Join the Scoreboard
Show All
Scores
Hide
Comments
May contain spoilers
Recently Published
Colored Red Africa Blitz
by spor1
Geography
30s
Find the 'City' Movie
by crazypaving
Movies
60s
5x2 Blitz: Bands
by SL_Kpop136
Music
30s
More to Explore
Quiz From the Vault
Featured Blog Post
14 Easter Pick-up Lines to Find Eggs With
hide this ad
You Might Also Like...
Tags
Clip Quiz
Football Quiz
Play Quiz
Song Quiz
anthem
Audio Quiz
chant
club
England
English
League
team
Today's Top Quizzes in Sports
Browse Sports
hide this ad
Today's Top Quizzes in Clip
Browse Clip
Top Contributed Quizzes in Sports
1
Les entraîneurs de l'OM et du PSG au 21e siècle
2
Les meilleurs buteurs des matchs entre le PSG et l’OM
3
Les joueurs passés par le PSG et l'OM
4
Players with Multiple 50 Home Run Seasons
5
2022 World Cup Stars
6
Criteria MLB: Left Handed Sluggers
7
NBA Logic Puzzle 2.0
8
MLB Players with Two .350 Batting Average Seasons
9
Top 10 NHL Goal Scorers of All Time
10
Les joueurs passés par le LOSC et le RC Lens
Explore More
Trending Topics
NBA
Kpop
Anime
Disney
Crossword
Harry Potter
Marvel
Country
Soccer
NFL
Song
The Office
Puzzle
WWE
Pokémon
hide this ad
More By:
AlbionEdd
Quiz
Plays
Rating
Category
Featured
Created
David Brent or Michael Scott
5,371
3.95
Television
Jun 8, 2013
Malcolm in the Middle Characters
2,384
2.67
Television
Oct 26, 2009
South Park Characters By Song (Clips)
2,183
4.87
Television
Apr 13, 2011
Bass Lines/Solos 2 (clips)
2,148
4.44
Music
Feb 21, 2011
The Libertines Songs
1,800
5.00
Music
Oct 4, 2009
Go to Creator's Profile
Score Distribution
Quiz Creator Spotlight
AlbionEdd
Follow
Send a Message
Quizzes Created
-
Created Quiz Play Count
-
More By This Creator
Popular Quizzes Today
1
Colored Red Africa Blitz
2
Find the 'City' Movie
3
5x2 Blitz: Bands
4
Find the US States - No Outlines Minefield
5
The Countries of the World
6
Find the US States
7
US States
8
Find the Countries of Europe - No Outlines Minefield
More Sports Quizzes
Unbeaten clubs in Europe's top leagues this season
Quiz Lab
Trending Quizzes
Colored Red Europe Blitz I
Colored Red Europe Blitz II
Colored Red Africa Blitz II
Colored Red Europe Blitz III
Colored Red Africa Blitz III
Recently Updated
How Do You Spell That?
pecheneg
Godzilla Movies
pecheneg
Grab Bag: 4-10 Letters
pecheneg
2024 March Madness Bracket
pecheneg
Famous TV Couples
Peacemaker
Champions League XIs: Real Madrid
pecheneg
Largest US Cities 1790-2010
pecheneg
Rides in Walt Disney World
pecheneg
Most Oscar Losses (Acting)
pecheneg
Beyoncé Albums
pecheneg
Trending Topics
Disney
Anime
Kpop
Harry Potter
NBA
Marvel
Crossword
NFL
Song
Country
The Office
Soccer
WWE
Puzzle
Pokémon
Your Account Isn't Verified!
In order to create a playlist on Sporcle, you need to verify the email address you used during registration. Go to your
Sporcle Settings
to finish the process.
Report this User
Report this user for behavior that violates our
Community Guidelines
.
Details:
Send Report
Go to the Sporcle.com Mobile Site →
Comments